Historical Figures whose Names starts with C - Statistics

General Stats
  • This quiz has been taken 48 times
  • The average score is 15 of 24
Answer Stats
Picture Hint Answer % Correct
explorer who discovered the Americas Christopher Columbus
100%
theory of evolution by natural selection Charles Darwin
98%
the Great Dictator Charlie Chaplin
95%
longest ruling female leader of Russia Catherine the Great
93%
King of the Franks Charlemagne
93%
Egyptian pharaoh Cleopatra
93%
WW II French general Charles de Gaulle
91%
Argentine Marxist revolutionary Che Guevara
91%
Oliver Twist Charles Dickens
89%
Chinese philosopher Confucius
86%
Jane Eyre Charlotte Brönte
77%
French fashion designer Coco Chanel
77%
French impressionism Claude Monet
61%
Chinese nationalistic politician Chiang Kai-shek
55%
Swiss psychiatrist Carl Jung
39%
Claire de lune Claude Debussy
39%
Founder of the Achaemenid Empire Cyrus the Great
39%
American frontierswoman famous for her sharpshooting Calamity Jane
34%
Le Carnaval des Animaux Camille Saint-Saëns
27%
Prince of Mathematics Carl Friedrich Gauss
25%
binomial nomenclature Carl Linnaeus
23%
Italian saint and follower of Francis of Assisi Clare of Assisi
16%
co-founded the National Farm Workers Association César Chávez
11%
Queen of Salsa Celia Cruz
7%
No matching quizzes found
Score Distribution
Percent of People with Each Score
Percentile by Number Answered
Your Score History
You have not taken this quiz